000 00719nam a22002297a 4500
999 _c42821
_d42821
001 13886
003 CO-MdFUSB
005 20180622073150.0
008 180509t1980 xxu||||| |||| 00| 0 eng d
020 _a0-8028-1808-0
040 _aCO-MdFUSB
_bspa
_cCO-MdFUSB
_dCO-MdFUSBC
_erda
041 0 _aeng
082 0 4 _aG 230 F9654g
100 1 _aFuller, Daniel P.
_eautor
245 1 0 _aGospel & law
_b: Contrast or continuum? The hermeneutics of dispensationalism and covenant theology
_c / Daniel P. Fuller
264 4 _aGrand Rapids, MI. :
_b Eerdmans,
_c©1980
300 _a217 Pág.
336 _2rdacontent
_atexto
_btxt
337 _2rdamedia
_asin mediación
_bn
338 _2rdacarrier
_avolumen
_bnc
942 _cBK